000 00765nam a2200253 a 4500
001 BRCA_4171
005 20190320204554.0
008 220410s1821----au-a######---#000-0#ger-#
041 _ager
044 _aau
050 4 _aNE880
_b.B37 1821
100 1 _aBartsch, Adam von
_d1757-1821
_910775
245 1 0 _aAnleitung zur Kupferstichkunde
_cvon Adam von Bartsch.
260 _aViena, Austria
_bJ. B. Wallishausser
_c1821
300 _a2 v.
_bil.
_c22 cm.
500 _aDiccionario inventariado por Banco de México como libro
500 _aA48
650 1 4 _aGrabadores
_97352
650 1 4 _aColeccionistas y colecciones
_910776
650 1 4 _aGrabados
_xColeccionistas y colecciones
_97355
650 1 4 _aGrabado
_xHistoria
_91591
902 _aGFM
942 _2lcc
_cB
999 _c3887
_d3887